000 00673nam a2200241Ia 4500
003 OSt
005 20220925225855.0
006 a|||||r|||| 00| 0
007 ta
008 220923b |||||||| |||| 00| 0 eng d
037 _cGeneral Book
040 _aRTL
_cRTL
_beng
041 _2eng
_aeng
082 _aRxN26, M0
100 _aSheridan Alan
245 0 _aMichel Faucault
_b The will to truth
260 _aLondon
_bTavistock Publications U. K.
_c1980
300 _ax, 243p
_ccm.
500 _aBibliography: P 227-34
650 _aPhilosophy-Foucault
_9230844
942 _hRxN26, M0
_cGB
_2CC
999 _c584350
_d584350